000 00676nam a2200217 4500
003 OSt
005 20260530115314.0
008 260420b1983 mx |||| |||| 00| 0 spa d
040 _aICI
_bspa
_cICI
050 _aNK1390
_bC83
100 _eautor
245 _aCuadernos de diseño /
_bDepartamento de Diseño Industrial y Gráfico
260 _a[México] :
_bUniversidad Iberoamericana,
_c1983
300 _av. ;
_c19 cm
336 _2rdacontent
_atexto
337 _2rdamedia
_asin medio
338 _2rdacarrier
_avolumen
650 0 _aDiseño industrial.
_915218
710 2 1 _aUniversidad Iberoamericana
_bDepartamento de Diseño Industrial y Gráfico
942 _2lcc
_n0
_cBK
999 _c13485
_d13485